000 00788nam0a22002411 4500
001 rc\760431
005 20250622122722.0
035 _a(NLR Aleph) 006288217
090 _a7121596
_c7121596
100 _a20040301d1985 |||y0rusy50 ca
101 0 _arus
102 _aRU
105 _aa |||||||||
200 1 _aТайна Караидели
_eПовесть
_e[Для сред. шк. возраста]
_fКирей Мэргэн
_gПеревел с башк. А. Тверской
_g[Худож Г. Юмагузин]
205 _a2-е изд.
210 _aМ.
_cДет. лит.
_d1985
215 _a159 с.
_cил.
_d20
700 1 _aМэргэн
_bК.
_f1911-1984
_gКирей
801 0 _aRU
_bNLR
_gpsbo
801 1 _aRU
_bELAR
_2rusmarc
852 _aNLR
_j85-3/13244
942 _cBOOK
980 _aNB